<?xml version="1.0" encoding="UTF-8"?>
<record
    xmlns:xsi="http://www.w3.org/2001/XMLSchema-instance"
    xsi:schemaLocation="http://www.loc.gov/MARC21/slim http://www.loc.gov/standards/marcxml/schema/MARC21slim.xsd"
    xmlns="http://www.loc.gov/MARC21/slim">

  <leader>00957nam0a22002651  4500</leader>
  <controlfield tag="001">rc\4796552</controlfield>
  <controlfield tag="005">20250612220149.0</controlfield>
  <datafield tag="021" ind1=" " ind2=" ">
    <subfield code="a">RU</subfield>
    <subfield code="b">[67-106148]</subfield>
  </datafield>
  <datafield tag="035" ind1=" " ind2=" ">
    <subfield code="a">(NLR Aleph) 008869544</subfield>
  </datafield>
  <datafield tag="090" ind1=" " ind2=" ">
    <subfield code="a">8512556</subfield>
    <subfield code="c">8512556</subfield>
  </datafield>
  <datafield tag="100" ind1=" " ind2=" ">
    <subfield code="a">20130426d1967    |||y0rusy50      ca</subfield>
  </datafield>
  <datafield tag="101" ind1="0" ind2=" ">
    <subfield code="a">rus</subfield>
  </datafield>
  <datafield tag="102" ind1=" " ind2=" ">
    <subfield code="a">RU</subfield>
  </datafield>
  <datafield tag="105" ind1=" " ind2=" ">
    <subfield code="a">a   b   |||a|</subfield>
  </datafield>
  <datafield tag="200" ind1="1" ind2=" ">
    <subfield code="a">&#x41A;&#x442;&#x43E; &#x442;&#x44B;, &#x41B;&#x435;&#x43D;&#x44C;&#x43A;&#x430;?</subfield>
    <subfield code="a">[&#x414;&#x432;&#x430; &#x434;&#x43D;&#x44F;</subfield>
    <subfield code="a">&#x414;&#x43E;&#x43C; &#x43D;&#x430;&#x434; &#x43A;&#x430;&#x442;&#x430;&#x43A;&#x43E;&#x43C;&#x431;&#x430;&#x43C;&#x438;</subfield>
    <subfield code="e">&#x41F;&#x43E;&#x432;&#x435;&#x441;&#x442;&#x438;</subfield>
    <subfield code="e">&#x414;&#x43B;&#x44F; &#x441;&#x440;&#x435;&#x434;. &#x438; &#x441;&#x442;. &#x448;&#x43A;&#x43E;&#x43B;&#x44C;&#x43D;&#x43E;&#x433;&#x43E; &#x432;&#x43E;&#x437;&#x440;&#x430;&#x441;&#x442;&#x430;]</subfield>
    <subfield code="f">&#x425;&#x443;&#x434;&#x43E;&#x436;. &#x41D;. &#x421;&#x430;&#x43C;&#x431;&#x43E;&#x440;&#x441;&#x43A;&#x438;&#x439;</subfield>
  </datafield>
  <datafield tag="210" ind1=" " ind2=" ">
    <subfield code="a">&#x41A;&#x438;&#x448;&#x438;&#x43D;&#x435;&#x432;</subfield>
    <subfield code="c">&#x41A;&#x430;&#x440;&#x442;&#x44F; &#x43C;&#x43E;&#x43B;&#x434;&#x43E;&#x432;&#x435;&#x43D;&#x44F;&#x441;&#x43A;&#x44D;</subfield>
    <subfield code="d">1967</subfield>
  </datafield>
  <datafield tag="215" ind1=" " ind2=" ">
    <subfield code="a">110 &#x441;.</subfield>
    <subfield code="c">&#x438;&#x43B;.</subfield>
    <subfield code="d">17</subfield>
  </datafield>
  <datafield tag="606" ind1=" " ind2=" ">
    <subfield code="a">&#x41F;&#x43E;&#x434;&#x440;&#x43E;&#x441;&#x442;&#x43A;&#x438; &#x432; &#x421;&#x421;&#x421;&#x420; (&#x434;. &#x43B;.)</subfield>
    <subfield code="2">psbo</subfield>
  </datafield>
  <datafield tag="700" ind1=" " ind2="1">
    <subfield code="a">&#x428;&#x430;&#x43F;&#x43E;&#x448;&#x43D;&#x438;&#x43A;&#x43E;&#x432;&#x430;</subfield>
    <subfield code="b">&#x421;.&#x421;.</subfield>
    <subfield code="f">1927-</subfield>
    <subfield code="g">&#x421;&#x43E;&#x444;&#x44C;&#x44F; &#x421;&#x430;&#x443;&#x43B;&#x43E;&#x432;&#x43D;&#x430;</subfield>
  </datafield>
  <datafield tag="702" ind1=" " ind2="1">
    <subfield code="a">&#x421;&#x430;&#x43C;&#x431;&#x43E;&#x440;&#x441;&#x43A;&#x438;&#x439;</subfield>
    <subfield code="b">&#x41D;.</subfield>
    <subfield code="4">440</subfield>
  </datafield>
  <datafield tag="801" ind1=" " ind2="0">
    <subfield code="a">RU</subfield>
    <subfield code="b">NLR</subfield>
    <subfield code="g">psbo</subfield>
  </datafield>
  <datafield tag="801" ind1=" " ind2="1">
    <subfield code="a">RU</subfield>
    <subfield code="b">ELAR</subfield>
    <subfield code="2">rusmarc</subfield>
  </datafield>
  <datafield tag="852" ind1=" " ind2=" ">
    <subfield code="a">NLR</subfield>
    <subfield code="j">68-2/244</subfield>
  </datafield>
  <datafield tag="942" ind1=" " ind2=" ">
    <subfield code="c">BOOK</subfield>
  </datafield>
  <datafield tag="980" ind1=" " ind2=" ">
    <subfield code="a">NB</subfield>
  </datafield>
  <datafield tag="995" ind1=" " ind2=" ">
    <subfield code="5">2013-10-26</subfield>
    <subfield code="b">NLR01</subfield>
    <subfield code="c">NLR01</subfield>
    <subfield code="e">RF31</subfield>
    <subfield code="f">8869544-10</subfield>
    <subfield code="k">68-2/244</subfield>
    <subfield code="o">0</subfield>
    <subfield code="r">BOOK</subfield>
    <subfield code="s">682244_</subfield>
  </datafield>
</record>
